01057cam a22002655a 45000010009000000050017000090080041000260200043000670200028001100400028001380820021001661000024001872450150002112600048003613000032004095000025004415040032004666500028004986500037005266510010005636530036005739420008006099990017006179520157006341817993820201128021450.0140606t2015 nyua frb 001 0 eng d a9780071840972 (paperback : alk. paper) a0071840974 (alk. paper) aDLCbengcDLCdEG-ScBUE04a658.802222bDID1 aDidner, Pam.93908210aGlobal content marketing :bhow to create great content, reach more customers, and build a worldwide marketing strategy that works /cPam Didner. aNew York :bMcgraw-Hill Education,cc.2015. ax, 244 p. :bill. ;c23 cm. aIndex : p. 237-244.  aBibliography : p. 229-236.  7aMarketing.2BUEsh94499 7aStrategic planning.2BUEsh91643 2BUEsh bBUSADMcAugust2015cJanuary2016 2ddc c20440d20412 00102ddc40708BaccahaMAINbMAINc1STd2015-08-03ePurchaseg176.00h21758l1m2o658.802 DIDp000039606r2025-07-15 00:00:00s2016-01-20v220.00yBB